000 005490000a22001810004500
003 MACL
005 20160205110724.0
008 160205b xxu||||| |||| 00| 0 eng d
040 _aMACL
_cMACL
041 _aHindi
082 _a025/GUP
100 _aगुप्‍ता चन्‍द्रप्रकाश
_936941
245 _aपुस्‍तकालय संगठन
260 _bयूनिक टे्डर्स
_c1971
_aजयपूर
350 _a15
650 _aLibrary & Inf Science
_936940
942 _cHIN
_k020
_2ddc
999 _c26970
_d26970